| 000 | 00651nam a2200205Ia 4500 | ||
|---|---|---|---|
| 003 | GCL | ||
| 008 | 140319s9999 xx 000 0 ara d | ||
| 040 |
_aGCL / _cGCL |
||
| 082 | 0 | 4 |
_a823.03 _bم ر |
| 100 | 1 | _aمونتاجو , ايون | |
| 245 | 1 | 0 |
_aالرجل الذى لم يوجد / _cمونتاجو , ايون |
| 700 | 1 | _aعبدالمجيد الديروطى | |
| 700 | 1 | _aحسن السيد فهمى (مراجعة) | |
| 300 | _a154 ص | ||
| 490 |
_aالالف كتاب _v0 |
||
| 650 | 0 | 4 | _aالقصص الانجليزية |
| 650 | 0 | 4 | _aقصص المغامرات |
| 650 | 0 | 4 | _aالادب الانجليزى المترجم |
| 942 |
_2ddc _cBK |
||
| 999 |
_c45745 _d45745 |
||